Central African Economic and Monetary Community : Staff Report on Common Policies of Member Countries; Public Information Notice on the Executive Board Discussion; and Statement by the Executive Director for the Central African Economic and Monetary Community.

This paper discusses the common policies adopted by the members of the Central African Economic and Monetary Community (CEMAC). The macroeconomic performance was good in 2011 with improved fiscal balances, public investment programs, and higher reserves. However, CEMAC is facing challenges from deep...

Deskribapen osoa

Xehetasun bibliografikoak
Erakunde egilea: International Monetary Fund
Formatua: Aldizkaria
Hizkuntza:English
Argitaratua: Washington, D.C. : International Monetary Fund, 2012.
Saila:IMF Staff Country Reports; Country Report ; No. 2012/244
Sarrera elektronikoa:Full text available on IMF
LEADER 01934cas a2200241 a 4500
001 AALejournalIMF012103
008 230101c9999 xx r poo 0 0eng d
020 |c 5.00 USD 
020 |z 9781475504842 
022 |a 1934-7685 
040 |a BD-DhAAL  |c BD-DhAAL 
110 2 |a International Monetary Fund. 
245 1 0 |a Central African Economic and Monetary Community :   |b Staff Report on Common Policies of Member Countries; Public Information Notice on the Executive Board Discussion; and Statement by the Executive Director for the Central African Economic and Monetary Community. 
264 1 |a Washington, D.C. :  |b International Monetary Fund,  |c 2012. 
300 |a 1 online resource (81 pages) 
490 1 |a IMF Staff Country Reports 
500 |a <strong>Off-Campus Access:</strong> No User ID or Password Required 
500 |a <strong>On-Campus Access:</strong> No User ID or Password Required 
506 |a Electronic access restricted to authorized BRAC University faculty, staff and students 
520 3 |a This paper discusses the common policies adopted by the members of the Central African Economic and Monetary Community (CEMAC). The macroeconomic performance was good in 2011 with improved fiscal balances, public investment programs, and higher reserves. However, CEMAC is facing challenges from deep-seated structural problems, including uncoordinated fiscal policy, financial sector weaknesses, and obstacles to growth and competitiveness. The Executive Board recommends monetary policies for financial stability and suggest making monetary policies an efficient tool of macroeconomic management. Also, the Board recommends strengthening of governance of CEMAC's common institutions. 
538 |a Mode of access: Internet 
830 0 |a IMF Staff Country Reports; Country Report ;  |v No. 2012/244 
856 4 0 |z Full text available on IMF  |u http://elibrary.imf.org/view/journals/002/2012/244/002.2012.issue-244-en.xml  |z IMF e-Library